000 00735cam a2200217 4500500
005 20260208001103.0
041 _afre
042 _adc
100 1 0 _aBourliaud, Jean
_eauthor
700 1 0 _aDeffontaines, Jean-Pierre
_eauthor
700 1 0 _aDeler, Jean-Paul
_eauthor
700 1 0 _aGabas, Jean-Jacques
_eauthor
700 1 0 _aJollivet, Marcel
_eauthor
700 1 0 _aMathieu, Nicole
_eauthor
700 1 0 _aUsselmann, Pierre
_eauthor
245 0 0 _aOlivier Dollfus, un homme tout terrain
260 _c2005.
500 _a1
786 0 _nNatures Sciences Sociétés | 13 | 4 | 2005-12-01 | p. 447-453 | 1240-1307
856 4 1 _uhttps://stm.cairn.info/revue-natures-sciences-societes-2005-4-page-447?lang=fr&redirect-ssocas=7080
999 _c1644333
_d1644333